000 00216 a2200097 4500
001 30606
100 _aShipman
245 _aEducation and Modernization
260 _aLondon
_bFaber & Faber
_c
090 _c20546
_d20546
942 _aNUST-CAE
_cM
_c11721
999 _c265679
_d265679